Statystyki dla 20 Największych państw świata pod wzg. powierzchni

Kliknij tutaj aby rozwiązać quiz!

Ogólne statystyki

  • Ten quiz został rozwiązany 238 razy
  • Średni wynik to 16 z 20

Statystyki odpowiedzi

km^2Country% Poprawnych
9,984,670 km^2Kanada
99%
17,098,242 km^2Rosja
99%
9,596,960 km^2Chiny
98%
9,833,521 km^2USA
97%
8,515,767 km^2Brazylia
95%
7,692,024 km^2Australia
93%
3,287,260 km^2Indie
93%
2,780,400 km^2Argentyna
91%
1,964,375 km^2Meksyk
89%
2,724,900 km^2Kazachstan
88%
2,149,690 km^2Arabia Saudyjska
82%
2,381,741 km^2Algieria
81%
2,344,858 km^2Demokratyczna Republika Konga
78%
1,564,110 km^2Mongolia
77%
1,904,569 km^2Indonezja
74%
1,648,195 km^2Iran
73%
1,886,068 km^2Sudan
64%
1,759,540 km^2Libia
60%
1,285,216 km^2Peru
56%
2,166,086 km^2Dania (Grenlandia)
40%

Rozkład punktacji

Percentyl według liczby udzielonych odpowiedzi

Procent ludzi z każdym wynikiem

Twoja historia wyników

Nie rozwiązałeś tego quizu